| 000 | 00769nam a2200217Ii 4500 | ||
|---|---|---|---|
| 003 | JO-AjNU | ||
| 008 | 230605s9999||||xx |||||||||||||| ||und|| | ||
| 017 | _a2003/17590 | ||
| 020 | _a977-01-8891-3 | ||
| 040 |
_aJO-AjNU _bara _erda _cJO-AjNU |
||
| 041 | _aara | ||
| 050 | 1 | 4 | _aP121.T33 2003 |
| 100 | 3 |
_aطاهر,علاء تأليف, _eauthor _910774 |
|
| 245 | 0 | 0 | _aالخوف من الكتابة: الحياة والتجربة الكتابية |
| 264 | 3 | 1 | _aالقاهرة:الهيئة المصرية العامة للكتاب,2003 |
| 300 | _a223ص | ||
| 336 |
_atext _btxt _2rdacontent |
||
| 337 |
_aunmediated _bn _2rdamedia |
||
| 338 |
_avolume _bnc _2rdacarrier |
||
| 650 | 4 |
_aالخوف من الكتابة-الكتابة-التجربة الكتابية _910775 |
|
| 999 |
_aA1979 _c5547 _d5547 |
||